00518nam a22002057a 450000500170000001000150001702000260003203500140005803700090007208200060008110000210008724500430010824600060015125000060015726000390016327000510020230000260025365000150027965000180029420260514122625.0 aENG-148459 c350.00a9788185036113 aEN-131991 bDBAD aS aGanguly, Indrani aIn My Father's House/cIndrani Ganguly b  a1 bUnique Publications aDelhi c2015 bDelhi a3380, baqa street, hauz qazi e110006 a156p:c22cm(Hb)bill. aHinduism  aKrishna lila